ONE SNOWY Night / (Record no. 177769)

MARC details
000 -LEADER
fixed length control field 00787nam a22002537i 4500
005 - DATE AND TIME OF LATEST TRANSACTION
control field 20200622154117.0
008 - FIXED-LENGTH DATA ELEMENTS--GENERAL INFORMATION
fixed length control field 200622t20182018-uk||||j |||| 00| f eng d
020 ## - INTERNATIONAL STANDARD BOOK NUMBER
International Standard Book Number 9781847159595
Terms of availability RM34.92
Qualifying information paperback
040 ## - CATALOGING SOURCE
Original cataloging agency PPAK
Language of cataloging eng
Transcribing agency PPAK
Description conventions rda
082 04 - DEWEY DECIMAL CLASSIFICATION NUMBER
Edition number 23
Classification number 823.92
090 00 - LOCALLY ASSIGNED LC-TYPE CALL NUMBER (OCLC); LOCAL CALL NUMBER (RLIN)
Classification number (OCLC) (R) ; Classification number, CALL (RLIN) (NR) 823.92
Feature heading ONE
Feature heading K
245 00 - TITLE STATEMENT
Title ONE SNOWY Night /
Statement of responsibility, etc. illustrated by Alison Edgson
246 33 - VARYING FORM OF TITLE
Title proper/short title 1 snowy night
264 #1 - PRODUCTION, PUBLICATION, DISTRIBUTION, MANUFACTURE, AND COPYRIGHT NOTICE
Place of production, publication, distribution, manufacture London, United Kingdom :
Name of producer, publisher, distributor, manufacturer STRIPES PUBLISHING LTD.,
Date of production, publication, distribution, manufacture, or copyright notice 2018
Date of production, publication, distribution, manufacture, or copyright notice ©2018
300 ## - PHYSICAL DESCRIPTION
Extent 192 pages :
Other physical details illustrations ;
Dimensions 20 cm
336 ## - CONTENT TYPE
Source rdacontent
Content type term text
337 ## - MEDIA TYPE
Source rdamedia
Media type term unmediated
338 ## - CARRIER TYPE
Source rdacarrier
Carrier type term volume
650 10 - SUBJECT ADDED ENTRY--TOPICAL TERM
Topical term or geographic name entry element Children's stories, English
Topical term or geographic name entry element Animals
Form subdivision Juvenile fiction
700 1# - ADDED ENTRY--PERSONAL NAME
Personal name Edgson, Alison,
Relator term illustrator.
942 ## - ADDED ENTRY ELEMENTS (KOHA)
Source of classification or shelving scheme Dewey Decimal Classification
Koha item type Book
Holdings
Withdrawn Not for loan Current library Shelving location Date acquired Total Checkouts Total Renewals Full call number Barcode Date last seen Date last checked out Koha item type
    Perpustakaan Alor Setar Pinjaman Kanak-kanak 01/07/2020 9 1 K 823.92 ONE A01644870 28/07/2025 03/07/2025 Book
    Perpustakaan Awam Sungai Petani Pinjaman Kanak-kanak 01/07/2020 9 2 K 823.92 ONE A01644871 01/12/2025 26/11/2025 Book
    Perpustakaan Kulim Pinjaman Kanak-kanak 01/07/2020 5 1 K 823.92 ONE A01644872 07/07/2025 16/06/2025 Book